25 Most Planted Wine Grape Varieties in Italy - Statistics

General Stats
  • This quiz has been taken 25 times
  • The average score is 12 of 25
Answer Stats
Rank Grape Variety Vineyard Area (ha) % Correct
5 Merlot 24,057
93%
6 Chardonnay 19,769
86%
2 Trebbiano Toscano / Ugni Blanc 35,441
79%
11 Cabernet Sauvignon 14,240
71%
20 Nebbiolo 7,551
71%
9 Pinot Grigio / Pinot Gris / Grauburgunder 18,821
71%
7 Prosecco / Glera 19,730
71%
1 Sangiovese / Brunello / Nielluccio 68,428
71%
10 Barbera 15,006
57%
13 Primitivo / Zinfandel / Tribidrag 13,896
57%
3 Montepulciano 32,724
50%
19 Syrah / Shiraz 7,693
50%
22 Vermentino 6,703
50%
18 Garganega 8,522
43%
16 Aglianico 9,627
36%
17 Malvasia Bianca di Candia 9,028
36%
12 Nero d'Avola 14,129
36%
23 Lambrusco Salamino 6,228
29%
15 Negroamaro 11,431
29%
14 Muscat Blanc à Petits Grains 13,334
21%
4 Catarratto Bianco 28,563
14%
21 Grillo / Riddu / Rossese Bianco 7,382
14%
24 Corvina Veronese 6,222
7%
8 Trebbiano Romagnolo 19,059
7%
25 Bonarda Piemontese 5,926
0%
No matching quizzes found
Score Distribution
Percent of People with Each Score
Percentile by Number Answered
Your Score History
You have not taken this quiz